| 000 | 00661nam a2200229 4500 | ||
|---|---|---|---|
| 003 | DO-SdBNP | ||
| 005 | 20220602131942.0 | ||
| 008 | 161108b2005 sp|| 00| 0 spa d | ||
| 020 | _a849815183X | ||
| 040 |
_aBPMSU _bspa _cBPMSU |
||
| 082 |
_aR036 _bE56e 2005 _222 |
||
| 092 | _e | ||
| 245 | 0 | 3 |
_aLa enciclopedia del estudiante / _cdirector José Crespo González...(y otros) |
| 246 | 1 | 4 | _a10 Ciencias de la tierra y el universo |
| 260 |
_aMadrid : _bSantillana , _c2005 |
||
| 300 |
_av. : _bil. : _c29 cm |
||
| 590 | _6Inventariado, 2022/VM | ||
| 650 | 4 | _2Enciclopedias y diccionarios. | |
| 700 | 1 | _aRedal, Enric Juan | |
| 910 | _aVMateo V. | ||
| 942 |
_2ddc _cBK |
||
| 999 |
_c11840 _d11840 |
||